Montáž spojky pre osobné automobily

Enregistré dans:
Détails bibliographiques
Auteur principal: Kalný, Ľuboš, 1987- (Auteur)
Format: Manuscrit Livre
Langue:slovaque
Publié: Trnava : STU v Bratislave MTF UVTE KOM, 2010
Sujets:
Accès en ligne:VAIS
Tags: Ajouter un tag
Pas de tags, Soyez le premier à ajouter un tag!

MARC

LEADER 00000ntm a22000003a 4500
001 stu217479
005 20160719160346.0
008 101126s2010----xo------------------slo-d
040 |a STU  |b slo 
041 0 |a slo 
044 |a xo 
100 1 |a Kalný, Ľuboš,  |d 1987-  |4 aut  |X 37452  |7 A000037452 
242 0 0 |a Assembly process of clutch for pass car  |y eng 
245 1 |a Montáž spojky pre osobné automobily 
260 |a Trnava :  |b STU v Bratislave MTF UVTE KOM,  |c 2010 
650 7 |a počítačová podpora výrobných technológií  |2 stusub 
650 7 |a Computing Support of Manufacturing Technologies  |2 estusub 
650 7 |a montáž  |2 stusub 
650 7 |a výrobný program  |2 stusub 
650 7 |a clutch  |2 estusub 
650 7 |a spojka  |2 stusub 
856 4 |a info a plný text  |u http://is.stuba.sk/zp/portal_zp.pl?podrobnosti=26879  |3 VAIS 
996 |c M*BP-5067  |l MMSKP  |s P  |a 0  |w stu217479_0001